000 00293nam a2200133Ia 4500
008 230917s9999||||xx |||||||||||||| ||und||
040 _e119541
_aMAIN
041 _aEnglish
082 _a574.03 S32D
100 _aSteen
245 0 _aDictionary of biology
300 _a630p. p.
942 _cBK
999 _c38351
_d38351